000
00281nam a22001337a 4500
003
SGT
020
_a
97815-43343-28-1
100
_a
SHARMA SHALINI
245
_a
PHARMACEUTICS-I
250
_a
1st
260
_a
S. VIKash
_b
PUNJAB
_c
2019
650
_a
PHARMACEUTICS
942
_2
ddc
_c
BK
999
_c
24732
_d
24732